Sports Quiz

Random Sports Quiz

Ravens Trivia Quiz Stats

 Plays Quiz not verified by Sporcle

Support Sporcle.
Go Orange.
Score 0/38 Timer 07:00
0 Plays Today
% Correct
???
90.1%
???
87%
???
86.2%
???
86.2%
???
85.5%
???
85.5%
???
85.5%
???
85.2%
???
84.3%
???
83.6%
???
83%
???
81.1%
???
81.1%
???
79.9%
???
79.6%
???
79.6%
???
78.6%
???
78.1%
???
77.8%
% Correct
???
77.2%
???
76.5%
???
76.1%
???
76.1%
???
75.5%
???
74.8%
???
74.7%
???
71.1%
???
69.2%
???
69.2%
???
69.2%
???
65.4%
???
64.8%
???
64.2%
???
55.6%
???
46.3%
???
41.5%
???
34.6%
???
34%

You're not logged in!

Compare scores with friends on all Sporcle quizzes.
OR
Log In

From the Vault

Draw a Pixel Picture VIII

by vikZ

Whatever you do, don't draw a blank.
Remove Ads.
Support Sporcle.
Get the best of Sporcle when you Go Orange. This ad-free experience offers more features, more stats, and more fun while also helping to support Sporcle. Thank you for becoming a member.

Show Comments

Extras

Created Jan 8, 2013SourceReportNominate
Tags:Raven

Top Quizzes Today


Score Distribution

Your Account Isn't Verified!

In order to create a playlist on Sporcle, you need to verify the email address you used during registration. Go to your Sporcle Settings to finish the process.

Report this User

Report this user for behavior that violates our Community Guidelines.

Details: